Friend- Benson Boone Lyrics - Statistics

General Stats
  • This quiz has been taken 79 times
  • The average score is 215 of 258
Answer Stats
Answer % Correct
a
100%
be
97%
I
97%
the
97%
friend
94%
in
94%
like
94%
so
94%
to
94%
you
94%
And
92%
and
92%
hand
92%
need
92%
When
92%
when
92%
caving
89%
close
89%
I'm
86%
i'm
86%
on
86%
remember
86%
starts
86%
Trying
86%
trying
86%
what
86%
world
86%
alive
83%
edge
83%
young
83%
it
81%
me
78%
my
78%
My
78%
been
75%
is
75%
own
75%
Somebody
75%
take
75%
All
72%
alone
72%
it's
72%
I've
72%
now
72%
Oh
72%
Only
72%
only
72%
this
72%
blue
69%
carry
69%
everything
69%
broken
67%
much
67%
see
67%
someone
67%
stone
67%
that
67%
up
67%
are
64%
call
64%
face
64%
help
64%
pieces
64%
sinking
64%
back
61%
could
61%
out
61%
pick
61%
remain
61%
use
61%
weight
61%
where
61%
hear
56%
beautiful
53%
windowpane
53%
your
53%
calling
50%
human
50%
Would
50%
would
50%
against
47%
down
47%
wall
47%
eyes
44%
going
44%
reach
44%
Cause
42%
clouds
42%
through
42%
rain
39%
sit
39%
head's
25%
No matching quizzes found
Score Distribution
Percent of People with Each Score
Percentile by Number Answered
Your Score History
You have not taken this quiz